Т. 3 : Конденсация. Ч. 2; Теплофизика и гидрогазодинамика процессов кипения и конденсации

Bibliografiset tiedot
Parent link:Теплофизика и гидрогазодинамика процессов кипения и конденсации: материалы Всесоюзной конференции, Рига, сентябрь 1982 г./ Рижский политехнический институт ; Академия наук СССР (АН СССР), Научный совет по комплексной проблеме "Теплофизика и теплоэнергетика" ; Академия наук Латвийской ССР (АН ЛатССР), Институт физики (ИФ). Т. 3 : Конденсация. Ч. 2.— , 1985-1986
Kieli:venäjä
Julkaistu: 1986
Aiheet:
Aineistotyyppi: MixedMaterials Kirja
KOHA link:https://koha.lib.tpu.ru/cgi-bin/koha/opac-detail.pl?biblionumber=279133

MARC

LEADER 00000nam2a2200000 4500
001 279133
005 20231101235200.0
035 |a (RuTPU)RU\TPU\book\302411 
090 |a 279133 
100 |a 20141217d1986 k y0rusy50 ca 
101 0 |a rus 
102 |a RU 
105 |a a z 101zy 
200 0 |a Т. 3 : Конденсация. Ч. 2 
210 |d 1986 
215 |a 141 с.  |c ил. 
320 |a Библиография в конце докладов 
461 1 |0 (RuTPU)RU\TPU\book\291120  |t Теплофизика и гидрогазодинамика процессов кипения и конденсации  |o материалы Всесоюзной конференции, Рига, сентябрь 1982 г.  |f Рижский политехнический институт ; Академия наук СССР (АН СССР), Научный совет по комплексной проблеме "Теплофизика и теплоэнергетика" ; Академия наук Латвийской ССР (АН ЛатССР), Институт физики (ИФ)  |v Т. 3 : Конденсация. Ч. 2  |d 1985-1986 
606 1 |a Кипение  |x (теплофизика)  |2 stltpush  |3 (RuTPU)RU\TPU\subj\14390  |9 40790 
610 1 |a теплофизика 
610 1 |a гидрогазодинамика 
610 1 |a конденсация 
610 1 |a теплообмен 
610 1 |a паровые смеси 
610 1 |a фазовые превращения 
610 1 |a конференции 
675 |a 536.423(063)  |v 4 
801 1 |a RU  |b 63413507  |c 20141217 
801 2 |a RU  |b 63413507  |c 20170414  |g RCR 
942 |c BK